Central Library OPAC University of Rajshahi

The methods of ethics / (Record no. 56703)

MARC details
000 -LEADER
fixed length control field 00629nam a2200229 a 4500
001 - CONTROL NUMBER
control field 56703
003 - CONTROL NUMBER IDENTIFIER
rucl marc code BD-RjUL
005 - DATE AND TIME OF LATEST TRANSACTION
control field 20211209080426.0
008 - FIXED-LENGTH DATA ELEMENTS--GENERAL INFORMATION
fixed length control field 161203r19131907enk ob 001 0 eng d
035 ## - SYSTEM CONTROL NUMBER
System control number (BD-RjUL)56827
040 ## - CATALOGING SOURCE
Original cataloging agency OCLCE
Language of cataloging eng
Transcribing agency OCLCE
Modifying agency BD-RjUL
041 ## - LANGUAGE CODE
Language code of text/sound track or separate title eng
082 04 - DEWEY DECIMAL CLASSIFICATION NUMBER
Classification number 170
Edition number 23
Author mark and year SIM 1913
100 1# - MAIN ENTRY--PERSONAL NAME
Personal name Sidgwick, Henry,
Dates associated with a name 1838-1900.
9 (RLIN) 168636
245 14 - TITLE STATEMENT
Title The methods of ethics /
Statement of responsibility, etc. by Henry Sidgwick.
250 ## - EDITION STATEMENT
Edition statement 7th ed.
260 ## - PUBLICATION, DISTRIBUTION, ETC. (IMPRINT)
Place of publication, distribution, etc. London :
Name of publisher, distributor, etc. Macmillan,
Date of publication, distribution, etc. 1907 [Reprinted 1913].
300 ## - PHYSICAL DESCRIPTION
Pagination xxxiv, 527 p. ;
Size 23 cm.
500 ## - GENERAL NOTE
General note Includes index.
650 #0 - SUBJECT ADDED ENTRY--TOPICAL TERM
Topical term or geographic name as entry element Ethics.
9 (RLIN) 168637
942 ## - ADDED ENTRY ELEMENTS (KOHA)
Source of classification or shelving scheme Dewey Decimal Classification
Koha item type Books
Holdings
Lost status Source of classification or shelving scheme Damaged status Not for loan Collection code Permanent Location Current Location Shelving location Date acquired Source of acquisition Cost, normal purchase price Total Checkouts Full call number Date last seen Copy number Koha item type
  Dewey Decimal Classification   Not For Loan Non-fiction Central Library, University of Rajshahi Central Library, University of Rajshahi Reading Room 10/01/1963 A. Hakim quarish 0.00   170 SIM 1913 03/12/2016 C-1 Books